Randomization and Monte Carlo methods in biology / (Record no. 10744)

MARC details
000 -LEADER
fixed length control field 00937cam a2200289 a 4500
001 - CONTROL NUMBER
control field 3886662
003 - CONTROL NUMBER IDENTIFIER
control field OSt
005 - DATE AND TIME OF LATEST TRANSACTION
control field 20211008105744.0
008 - FIXED-LENGTH DATA ELEMENTS--GENERAL INFORMATION
fixed length control field 900405s1991 enka b 001 0 eng
010 ## - LIBRARY OF CONGRESS CONTROL NUMBER
LC control number 90001820
020 ## - INTERNATIONAL STANDARD BOOK NUMBER
International Standard Book Number 0412367106
040 ## - CATALOGING SOURCE
Original cataloging agency DLC
Transcribing agency HU
Modifying agency DLC
-- OCoLC
050 00 - LIBRARY OF CONGRESS CALL NUMBER
Classification number QH323.5
Item number .M35 1990
082 00 - DEWEY DECIMAL CLASSIFICATION NUMBER
Classification number 574/.01/5195/MAN
Edition number 20
100 1# - MAIN ENTRY--PERSONAL NAME
Personal name Manly, Bryan F. J.,
Dates associated with a name 1944-
9 (RLIN) 11597
245 10 - TITLE STATEMENT
Title Randomization and Monte Carlo methods in biology /
Statement of responsibility, etc. Bryan F.J. Manly.
250 ## - EDITION STATEMENT
Edition statement 1st ed.
260 ## - PUBLICATION, DISTRIBUTION, ETC.
Place of publication, distribution, etc. London ;
-- New York :
Name of publisher, distributor, etc. Chapman and Hall,
Date of publication, distribution, etc. 1991.
300 ## - PHYSICAL DESCRIPTION
Extent 281
Other physical details ill. ;
Dimensions 24 cm.
504 ## - BIBLIOGRAPHY, ETC. NOTE
Bibliography, etc. note Includes bibliographical references (p. [261]-272) and indexes.
650 #0 - SUBJECT ADDED ENTRY--TOPICAL TERM
Topical term or geographic name entry element Biometry.
9 (RLIN) 5468
650 #0 - SUBJECT ADDED ENTRY--TOPICAL TERM
Topical term or geographic name entry element Monte Carlo method.
9 (RLIN) 11598
650 #0 - SUBJECT ADDED ENTRY--TOPICAL TERM
Topical term or geographic name entry element Sampling (Statistics)
9 (RLIN) 11599
906 ## - LOCAL DATA ELEMENT F, LDF (RLIN)
a 7
b cbc
c orignew
d 1
e ocip
f 19
g y-gencatlg
942 ## - ADDED ENTRY ELEMENTS (KOHA)
Source of classification or shelving scheme Dewey Decimal Classification
Koha item type Books like text book referance book
Suppress in OPAC No
Holdings
Withdrawn status Lost status Source of classification or shelving scheme Damaged status Not for loan Home library Current library Shelving location Date acquired Total Checkouts Full call number Barcode Date last seen Copy number Price effective from Koha item type
    Dewey Decimal Classification     College of Business and Economics Library College of Business and Economics Library General Stacks 03/17/2022   574.015195/MAN MBELIB00007528 03/17/2022 1 03/17/2022 Books like text book referance book
    Dewey Decimal Classification     Natural & Computational Science Library Natural & Computational Science Library General Stacks 10/08/2021   574.01;5195/MAN NSLIB000017866 10/08/2021 1 10/08/2021 Books like text book referance book